[Event "Interzonal-14b"]
[Site "Szirak"]
[Date "1987.??.??"]
[Round "9"]
[White "Nunn, John DM"]
[Black "Todorcevic, Miodrag"]
[Result "1-0"]
[WhiteElo "2585"]
[BlackElo "2475"]
[Annotator "Nunn,J"]
[PlyCount "57"]
[EventDate "1987.07.??"]
[EventType "tourn"]
[EventRounds "17"]
[EventCountry "HUN"]
[EventCategory "12"]
[SourceTitle "CBM 003"]
[Source "ChessBase"]
[SourceDate "1988.04.01"]
[SourceVersion "1"]
[SourceVersionDate "1988.04.01"]
[SourceQuality "1"]

1. e4 g6 2. d4 Bg7 3. Nc3 d6 4. Nf3 Nf6 5. h3 O-O 6. Be3 c6 7. a4 Nbd7 8. a5 e5
9. dxe5 dxe5 10. Qd6 $1 Re8 11. Bc4 Qe7 (11... Bf8 12. Qd3 h6 (12... Bb4 $2 13.
Bxf7+) (12... Bc5 $2 13. Bxf7+) (12... Nc5 $2 13. Qxd8 Rxd8 14. Nxe5) (12...
Qc7 13. Ng5 Re7 14. O-O (14. Bb3 h6 15. Nxf7 Rxf7 16. Qc4 Nb8 17. Bxa7 $1 $13)
14... h6 15. Nf3 Re8) 13. O-O Qc7 {/\ Nc5} 14. Na4 Qxa5 15. Nb6 axb6 16. Rxa5
Rxa5 $14) 12. Qxe7 Rxe7 13. O-O $14 h6 {/\ Re8, Bf8, Nc5} 14. Rfd1 $5 (14. b4
Nf8 15. b5 Be6 $13) 14... Re8 (14... Nf8 15. Rd8 (15. Bc5 Re8 16. Bd6 N8d7 17.
b4 Bf8 18. b5 Bxd6 19. Rxd6 cxb5 20. Bxb5 $16) 15... Re8 16. Rd6 $16) 15. b4
Bf8 (15... Nf8 16. b5 $16) 16. Rdb1 (16. b5 Bb4 $13) 16... a6 17. Nd2 $16 {
>< b6} Nh5 18. Na4 Nf4 19. Bf1 Ne6 20. c3 {/\ Nc4} c5 $6 21. b5 $1 axb5 22.
Bxb5 Rxa5 (22... Nd4 23. cxd4 cxd4 24. Bxd4 exd4 25. Nb6 $18) 23. Nb6 $18 (23.
Nc4 $2 Rxb5 $1 24. Rxb5 Nc7 {/\ b5}) 23... Rxa1 24. Rxa1 Nxb6 (24... Rd8 25.
Nxc8) 25. Bxe8 Nc7 26. Rb1 Nba8 27. Ba4 f6 28. Nc4 {/\ 29.Na5 b6 30.Nc4} Kf7 $2
29. Bxh6 1-0

[Event "Monarch Assurance 08th"]
[Site "Port Erin"]
[Date "1999.11.13"]
[Round "8"]
[White "Hebden, Mark"]
[Black "Sutovsky, Emil"]
[Result "0-1"]
[WhiteElo "2510"]
[BlackElo "2587"]
[Annotator "Oratovsky,M"]
[PlyCount "65"]
[EventDate "1999.11.06"]
[EventType "swiss"]
[EventRounds "9"]
[EventCountry "IOM"]
[SourceTitle "CBM 074"]
[Source "ChessBase"]
[SourceDate "2000.02.01"]
[SourceVersion "1"]
[SourceVersionDate "2000.02.01"]
[SourceQuality "1"]

1. d4 Nf6 2. Nf3 g6 3. Nc3 Bg7 4. e4 d6 5. Be3 O-O 6. Qd2 e5 (6... Bg4 7. Ng5
$5 e5 $2 (7... h6 8. h3 Bc8 9. Nf3 $16) 8. dxe5 dxe5 9. Qxd8 Rxd8 10. Bc4 Rf8
11. Bc5 $18 {1-0 Dunnington,A-Campbell,E/Highgate Masters 1997 (16)}) (6... Nc6
7. O-O-O Bg4 8. Be2 Re8 9. h3 Bxf3 10. Bxf3 e5 11. dxe5 (11. d5 Nd4 $132) 11...
dxe5 12. Qxd8 Nxd8 13. Be2 $14 {^^ Summerscale,A-Jacobsen,B/Aarhus int 1993 
(24)}) 7. dxe5 dxe5 8. Qxd8 Rxd8 9. Bc4 (9. Bg5 {[%cal Gc3d5]} Re8 10. Bd3 h6
11. Bh4 Nc6 12. Nb5 Re7 $11 {1/2-1/2 Ottosen,D-Campbell,B/6th Financial
Concept Open 1999 (16)}) 9... Nc6 10. O-O h6 11. h3 Ne8 {[%cal Gc6d4,Ye8d6]}
12. Rfd1 (12. Rad1 Nd4 13. Bxd4 exd4 14. Ne2 Nd6 15. Bd3 c5 {with comfortable
position for black Emms,J-Ftachnik,L 1997}) 12... Nd4 13. Bxd4 exd4 14. Nd5 Be6
{[%cal Gc7c6]} 15. Bb3 (15. Nxd4 $2 Bxd4 16. Rxd4 c6 17. Ne7+ Kg7 18. Rxd8 Rxd8
{[%csl Re7][%cal Gd8d7] and white knight is trapped}) 15... Nd6 (15... Kf8 16.
Nf4 Bxb3 17. axb3 $14) 16. Nxc7 Bxb3 17. cxb3 Rac8 18. Nd5 Rc5 $1 {The idea of
this move is to provoke b4,where the pawn can be easily attacked by black.} (
18... Kf8 19. e5 Nf5 20. Nf4 $14 {[%cal Gf4d3]}) 19. b4 (19. Nf4 Nxe4 20. Nd3
Rc2 21. Rac1 Rdc8 22. Rxc2 Rxc2 23. Nfe1 Rc6 $15) 19... Rc2 20. Nxd4 Rxb2 21.
Nf3 (21. f3 Kf8 22. a4 Rc8 23. Nb5 Nxb5 24. axb5 Rcc2 25. Ne3 Re2 $17) 21...
Re8 22. e5 Ne4 (22... Nc4 23. Nf6+ Bxf6 24. exf6 $13) 23. Rac1 (23. Rd4 f5 (
23... Nxf2 24. Rf1 {[%csl Rf2]}) 24. exf6 Nxf6 25. Nxf6+ Bxf6 26. Rd6 Kf7 27.
Rd7+ Re7 28. Rxe7+ Kxe7 29. Re1+ Kd6 $15) 23... Nxf2 24. Rd4 Bxe5 25. Re1 Nxh3+
$1 26. Kh1 Nf2+ 27. Kg1 f6 28. Nxe5 ({Doesn't work} 28. Nxf6+ Bxf6 29. Rxe8+
Kf7 30. Rb8 Bxd4 31. Rxb7+ Kf6 32. Nxd4 Ng4 33. g3 Rxa2 $17) 28... fxe5 29. Rc4
Rf8 30. Rxe5 h5 31. Ne3 Rxa2 32. Re7 Ra1+ 33. Kh2 (33. Kh2 Rh1+ 34. Kg3 g5 $19
{[%cal Gh5h4] and white is defensless.}) 0-1

[Event "Ehrat Memorial (SUI-GER m)"]
[Site "Zuerich"]
[Date "1999.08.22"]
[Round "9"]
[White "Jenni, Florian"]
[Black "Tischbierek, Raj"]
[Result "1/2-1/2"]
[WhiteElo "2399"]
[BlackElo "2544"]
[Annotator "Oratovsky,M"]
[PlyCount "71"]
[EventDate "1999.08.13"]
[EventType "schev"]
[EventRounds "10"]
[EventCountry "SUI"]
[SourceTitle "CBM 073"]
[Source "ChessBase"]
[SourceDate "1999.12.01"]
[SourceVersion "1"]
[SourceVersionDate "1999.12.01"]
[SourceQuality "1"]
[WhiteTeam "Switzerland"]
[BlackTeam "Germany"]
[WhiteTeamCountry "SUI"]
[BlackTeamCountry "GER"]

1. e4 g6 2. d4 d6 3. Nf3 Nf6 4. Nc3 Bg7 5. Be2 O-O 6. O-O c6 7. a4 Nbd7 8. e5 {
probably not the best solution} (8. Bf4 {is the main line}) 8... Ne8 (8... dxe5
9. dxe5 Ne8 10. e6 $5 fxe6 11. Be3 Nd6 12. Ng5 Nf6 13. Qd2 e5 14. Rad1 Bf5 $15
{Zalkind,K-Kogan,A/Rishon Le Zion 9798 1998 (36)}) 9. Bf4 (9. Bg5 f6 $6 (9...
dxe5 10. dxe5 Nc7 $132 {[%cal Gc7e6]}) 10. exf6 Ndxf6 11. Re1 Nc7 12. Qd2 Ne6
13. Bh4 {Hunt,H-Fabriano,G/London Lloyds 1993/1-0 (79)} (13. Bh6 $5 $14)) 9...
dxe5 10. dxe5 ({Nothing special promising to white} 10. Nxe5 Nxe5 11. Bxe5 Bxe5
12. dxe5 Qc7 13. Qd4 Ng7 14. Rad1 Qb6 15. Qxb6 axb6 $14 {/= Fox,A-Ludgate,A/
Dublin zt 1993 (22)}) 10... Nc7 11. Qc1 (11. Qd2 $6 Ne6 12. Rad1 (12. Bg3 $2
Nxe5 {winning a pawn}) 12... Nxf4 13. Qxf4 Qc7 $17 {[%csl Re5] Westerkamp,
B-Pel,B/Groningen SC op 1996/0-1 (57)}) 11... Ne6 12. Bg3 $6 {[%csl Rg3] g3 is
not the best place for the bishop} ({Better was} 12. Bh6 {changing darksquare
bishop} Qa5 13. Bxg7 Kxg7 14. Qe3 Qb4 15. Rfd1 Qf4 16. Qxf4 Nxf4 17. Bc4 Nb6
18. Bb3 a5 19. Nd4 $14 {[%csl Rc8][%cal Gg2g3,Gf2f4] Sale,S-Loncar,R/Zadar op
1997 (62)}) 12... Qa5 13. Qe3 Qb6 14. Qxb6 axb6 $11 15. Bc4 Ndc5 16. b4 Na6 17.
Rfb1 Nac7 18. b5 Bd7 $8 (18... c5 $2 19. a5 $1 (19. Bh4 Re8 20. Rd1 $16) 19...
Rxa5 20. Rxa5 bxa5 21. b6 Na8 22. Nd5 $16 {[%csl Ra8][%cal Gb1a1,Gd5e7,Gg3h4]})
19. bxc6 Bxc6 $132 20. Rxb6 Ra5 21. Rb4 Rfa8 22. Rab1 Rc5 {[%cal Gc7a6,Gc5c2,
Gc5c4,Gc4c3]} 23. Ne2 (23. Nd2 Bxe5 24. Nde4 Rca5 $15) 23... Bxf3 24. gxf3 Bxe5
25. Bd3 {[%cal Gd3e4]} f5 (25... Nd8 26. Be4 Nd5 27. Rb5 Rxb5 28. Rxb5 Bxg3 29.
hxg3 Nf6 $11) 26. Rc4 $1 {After this exact move white keeps a balance.} (26.
Rxb7 $4 f4 27. Bh4 g5 $19) 26... Bxg3 27. hxg3 Ra7 28. Nd4 (28. Rcb4 $5) 28...
Kf8 29. Nxe6+ Nxe6 30. f4 Rxc4 31. Bxc4 Nc5 32. Bb5 Ra8 (32... e6 $5 {[%csl
Ra4][%cal Gf8e7,Ge7d6,Gd6c7]} 33. Rb4 Ke7 34. Rd4 Ra8 35. Kf1 $11) 33. Kf1 Rd8
34. Ke1 Rd4 35. c3 Rd6 36. f3 1/2-1/2

[Event "Moscow Aeroflot op"]
[Site "Moscow"]
[Date "2002.02.10"]
[Round "9"]
[White "Zaitsev, Igor A"]
[Black "Postny, Evgeny"]
[Result "0-1"]
[WhiteElo "2444"]
[BlackElo "2491"]
[Annotator "Postny,E"]
[PlyCount "52"]
[EventDate "2002.02.04"]
[EventType "swiss"]
[EventRounds "9"]
[EventCountry "RUS"]
[SourceTitle "CBM 088"]
[Source "ChessBase"]
[SourceDate "2002.03.21"]
[SourceVersion "1"]
[SourceVersionDate "2002.03.21"]
[SourceQuality "1"]

1. e4 g6 2. d4 Bg7 3. Nf3 d6 4. Be2 Nf6 5. Nc3 O-O 6. O-O c6 7. Re1 Nbd7 8. e5
{This is the most aggressive way to continue, but I doubt if white can get any
advantage after this push. The most common alternatives are: 8.a4, 8.Bf4, 8.h3
etc.} dxe5 {During the game I didn't like the retreat 8...Ne8, but in my
Database I found many games, where black chose this continuation. For instanse
see the game Lutz,C-Svidler,P Bad Homburg 1997/CBM 60 [Har Zvi]} 9. dxe5 Ng4 (
9... Nd5 $143 10. Nxd5 cxd5 11. Qd4 (11. Qxd5 $6 Nxe5 12. Qxd8 Rxd8 13. Nxe5
Bxe5 $11 {1/2-1/2 Tseitlin,M-Gurieli,N/Moscow 1992/CBM 33 (28)}) 11... Qc7 12.
Bd3 Rd8 13. Bg5 $36 {0-1 Zaitsev,I-Khruschiov,A/Moscow 2000/EXT 2001 (37)}) 10.
e6 fxe6 11. h3 Nge5 (11... Ngf6 12. Bc4 (12. Ng5 Ne5) 12... Nd5 13. Ne4 {
- see the game Karpov,A-Shirov,A /Linares 1995/CBM 46 [Stohl]}) 12. Ng5 $6 {
This seems to be too optimistic.} (12. Nxe5 Nxe5 13. Qxd8 Rxd8 14. Bf4 Nf7 15.
Bg3 (15. Rad1 Rxd1 16. Rxd1 Bxc3 17. bxc3 e5 18. Be3 Be6 19. a4 Nd6 $11 {
/=/+ 1/2-1/2 Rozentalis,E-Azmaiparashvili,Z/Lvov 1990/CBM 18 (33)}) 15... Rd4
16. Nd1 e5 $132 {1/2-1/2 Okhotnik,V-Tkachiev,V/France 1996/CBM 55 ext (45)})
12... Nf6 ({Equivalent is:} 12... Nb6) 13. f4 $146 (13. Bf1 Qxd1 14. Nxd1 Nd5
15. Re4 h6 16. f4 hxg5 17. fxe5 Rf5 18. c4 Nf4 $17 {0-1 Manea,A-Foisor,O/Baile
Tusnad 2001/CBM 80 ext (37)}) (13. Qxd8 $142 Rxd8 14. f4 Nf7 15. Nxf7 Kxf7 16.
Bc4 {with some compensation for the pawn.}) 13... Nf7 14. Qxd8 Nxd8 $1 $17 {
[%cal Gf6d5] The strongest recapture. Now the Pe6 is well protected. As well
as black's R should remain on the "f" file.} (14... Rxd8 15. Nxf7 Kxf7 16. Bc4
{with some compensation just like after 13.Qd8.}) 15. g3 Nd5 16. Bd2 b6 17. Bg4
Nc7 18. h4 (18. Rad1 e5 19. Bxc8 Rxc8 20. fxe5 h6 21. Nge4 Nf7 $17 {[%csl Re5]}
) {[%tqu "En","What would you suggest for black?","","","e6e5","",10]} 18... e5
$1 19. Bxc8 Rxc8 20. fxe5 Nde6 $6 {Inaccuracy.} (20... Rf5 $142 $17 {Now the
only way to save the Pe5 is to defend it by} 21. Bf4 {but this is quite an
unfortunate move for white and indeed after} Nde6 {black has big advantage.})
21. Nxe6 Nxe6 22. Re4 $1 Rcd8 23. Rd1 $2 {Very strange move, which came as a
pleasant surprise to me.} ({The best defence was:} 23. Be3 $1 Rf5 24. Re1 $1
Rxe5 (24... Bxe5 $4 25. g4 Bxc3 26. bxc3 Nc5 27. Rxe7) 25. Bxb6 $1 (25. Rxe5 $6
Bxe5 26. Bxb6 Bxg3 27. Rxe6 axb6 28. Rxc6 Bxh4 29. Rxb6 Rd2 30. Rb8+ Kf7 $17)
25... Rxe4 26. Rxe4 axb6 27. Rxe6 Rd2 28. Rxc6 Rxc2 29. Nd5 $1 $15 {This
variation shows, that black should not force the matters and keep the control
of the position, for example 24...Kf7 (instead of 24...Re5).}) 23... Rf5 $19
24. Bf4 Rxd1+ 25. Nxd1 Nxf4 26. gxf4 Bh6 {All white's kingside pawns are
doomed to fall. White resigned.} 0-1

[Event "Belgrade RAD 30"]
[Site "Belgrade"]
[Date "1977.01.31"]
[Round "13.5"]
[White "Weinstein, Norman"]
[Black "Smejkal, Jan"]
[Result "0-1"]
[WhiteElo "2475"]
[BlackElo "2575"]
[Annotator "Primel,D"]
[PlyCount "84"]
[EventDate "1977.01.15"]
[EventType "tourn"]
[EventRounds "13"]
[EventCountry "SRB"]
[EventCategory "9"]
[SourceTitle "EXT 2018"]
[Source "ChessBase"]
[SourceDate "2017.10.13"]
[SourceVersion "1"]
[SourceVersionDate "2017.10.13"]
[SourceQuality "1"]
[TimeControl "40/9000:16/5400:0"]

1. e4 g6 {Avec un 1/2 point de retard sur les deux leaders avant cette
dernière ronde, SMEJKAL devait jouer pour le gain.} 2. d4 Bg7 3. Nf3 d6 4. Be2
Nf6 5. Nc3 O-O 6. O-O Nbd7 7. e5 (7. h3) 7... Ne8 8. Bf4 (8. Bg5 f6) 8... c6 9.
Re1 Nb6 10. h3 Nc7 11. Bd3 Ne6 12. Be3 dxe5 13. dxe5 Nd7 14. Bd2 Qc7 15. Qe2
Ndc5 16. Bc4 $146 (16. Rad1 Nxd3 17. Qxd3 b6 18. Qe4 {1/2-1/2 (18) Weinstein,N
(2465)-Nunn,J (2375) Amsterdam 1975}) 16... b5 17. Bxe6 $6 (17. Bb3 $142 Nxb3
18. axb3) 17... Nxe6 (17... Bxe6) 18. Qe4 Bb7 19. Qh4 {[%cal Gd2h6]} c5 20. Ne4
(20. Bh6) 20... Nd4 21. Nxd4 cxd4 22. Bh6 Bxh6 23. Qxh6 {[%cal Ge4g5]} Qxe5 24.
Ng5 Qg7 25. Qxg7+ Kxg7 26. Rxe7 Bd5 27. a4 Rfd8 (27... Kf6 28. Rae1 bxa4 (28...
Kxg5 29. R7e5+ (29. R1e5+ Kf6) 29... Kf6 30. Rxd5 bxa4 (30... Rad8 31. Rxb5))
29. Nxh7+) 28. Nf3 Bxf3 29. gxf3 b4 {[%csl Rc2]} 30. Rd1 Rd5 31. Kf1 a5 32. Rd2
(32. Ke2 Rc8 $132) 32... Rc8 33. Re4 Rc4 34. Ke2 Rxc2 $5 35. Rxc2 d3+ $1 36.
Kd2 dxc2+ 37. Kxc2 Rh5 $40 {[%csl Rf2,Rf3,Rh3]} 38. h4 Rf5 39. f4 Kh6 40. Kd3
Kh5 41. Ke3 Kxh4 42. Rc4 Kg4 0-1

[Event "Belgrade RAD 30"]
[Site "Belgrade"]
[Date "1977.01.23"]
[Round "7.3"]
[White "Ostojic, Predrag"]
[Black "Radulov, Ivan"]
[Result "1/2-1/2"]
[WhiteElo "2480"]
[BlackElo "2500"]
[Annotator "Primel,D"]
[PlyCount "114"]
[EventDate "1977.01.15"]
[EventType "tourn"]
[EventRounds "13"]
[EventCountry "SRB"]
[EventCategory "9"]
[SourceTitle "EXT 2018"]
[Source "ChessBase"]
[SourceDate "2017.10.13"]
[SourceVersion "1"]
[SourceVersionDate "2017.10.13"]
[SourceQuality "1"]
[TimeControl "40/9000:16/5400:0"]

1. e4 d6 2. d4 Nf6 3. Nc3 g6 4. Nf3 Bg7 5. Bf4 (5. Be2) (5. h3) 5... c6 6. Qd2
b5 7. a3 (7. Bd3 O-O 8. Bh6 (8. O-O-O)) 7... O-O 8. h3 a6 9. Rd1 Nbd7 10. e5
Ne8 11. Bd3 Nb6 12. O-O d5 {[%cal Gb6c4]} 13. b3 Nc7 14. Bh6 a5 15. Qf4 a4 16.
b4 Ne6 17. Qh4 Ra7 18. Rfe1 f5 $132 19. Ne2 Bxh6 20. Qxh6 Rf7 21. Ng5 {[%csl
Gg5]} Nxg5 22. Qxg5 Rf8 23. Nf4 (23. h4 $5 {[%cal Gh4h5]}) 23... e6 24. h4 Qxg5
25. hxg5 Raf7 26. Re3 Bd7 27. Rh3 Nc8 28. Kf1 Ne7 29. Ke2 Bc8 30. Rh6 Bd7 31.
Rdh1 Rg7 32. Ke3 Bc8 33. g3 $14 {[%csl Rc8,Rh7] Les Noirs manquent d'espace et
le plus simple est probablement de jouer quelques coups neutres pour attendre
l'ajournement et trouver un plan de sauvetage} Bd7 34. Kd2 Bc8 35. c3 Bd7 36.
Be2 Rgf7 37. Nd3 $1 {[%cal Gd3c5] Privant le Bd7 d'une case importante pour le
bloquer sur la 08ème rangée} Bc8 38. Nc5 Kh8 (38... f4 39. gxf4 Nf5 {[%cal
Gf5h6]}) 39. f4 (39. f3 Kg8 40. R1h4 Kh8 41. g4) 39... Kg8 40. Bd1 Rd8 {
Ajournement et le gain Blanc n'est pas si facile à réaliser car il n'y a
qu'un seul levier disponible avec la poussée g4} 41. R6h3 Rdf8 42. g4 (42. Bc2
Rd8 43. Rb1 $5 Rdf8 (43... Bd7) 44. Nxa4 bxa4 45. Bxa4 {Les compensations sont
insuffisantes car le Ne7 protège bien la faiblesse "c6"}) 42... Rd8 43. R1h2 (
43. Rh4 Kh8 44. Bc2 Kg8 45. gxf5) 43... Kh8 44. gxf5 exf5 45. Bxa4 $5 bxa4 46.
Nxa4 h5 47. Nc5 (47. gxh6 g5 $1 48. fxg5 f4 $44) 47... Ng8 48. a4 Ra7 49. Ke3
Ba6 50. Rb2 (50. Ra2 Bc4 51. Ra3 Rda8 52. Rh1 Kg7 53. Rha1 {[%cal Gb4b5]})
50... Rb8 51. Rh1 Bc4 52. Ra1 Ne7 53. Kf3 Kg8 54. Re1 Nc8 55. Rbb1 Kf7 56. Ra1
Ke8 57. a5 {Après cette poussée, les compensations Blanches sont
insuffisantes mais les pièces Noires sont mal placées pour jouer pour le
gain.} Ba6 1/2-1/2

[Event "Cap d'Agde GP CCAS"]
[Site "Cap d'Agde"]
[Date "2013.10.29"]
[Round "5"]
[White "Pile, Richard"]
[Black "Tkachiev, Vladislav"]
[Result "1/2-1/2"]
[WhiteElo "2393"]
[BlackElo "2637"]
[Annotator "RR"]
[PlyCount "95"]
[EventDate "2013.10.26"]
[EventType "swiss"]
[EventRounds "9"]
[EventCountry "FRA"]
[SourceTitle "EXT 2016"]
[Source "ChessBase"]
[SourceDate "2015.10.08"]
[SourceVersion "1"]
[SourceVersionDate "2015.10.08"]
[SourceQuality "1"]

1. d4 g6 2. e4 Bg7 3. Nc3 c6 4. Nf3 d6 (4... d5 {Transpose dans une Caro Kann})
5. Be3 Nf6 6. h3 (6. Qd2 O-O 7. h3 (7. Bh6)) 6... O-O 7. Bd3 Nbd7 8. Qd2 e5 (
8... Qa5 9. O-O) 9. O-O exd4 (9... Re8 10. Rfe1 b5 11. dxe5 dxe5 12. a4 b4 13.
Ne2 a5 14. c3 Qe7 15. cxb4 axb4 16. Rec1 c5 17. Ng3 Bb7 18. Qe2 Bc6 19. Bb5
Bxb5 20. Qxb5 Reb8 21. Qd3 b3 22. Nd2 Rb4 23. Rc4 h5 24. Rxb4 cxb4 25. Nxb3 Qe6
26. a5 Qc6 27. Rc1 Qa4 28. Nf1 Nf8 29. Nfd2 Ne6 30. Qc4 Nf4 31. Ra1 Qd7 32. Nc5
Qc6 33. Ndb3 Bf8 34. Qxb4 Qc8 35. Qb7 Nxh3+ 36. Kf1 Qxb7 37. Nxb7 Nf4 38. f3
Nd3 39. a6 {Leko,P (2732)-Bologan,V (2681) Beijing 2012 1-0 (63)}) 10. Nxd4 Re8
11. Bh6 $146 (11. Rae1 Nc5 12. Bh6 Bh8 13. Nb3 Nxd3 14. cxd3 a5 15. f4 a4 16.
Nc1 a3 17. b3 Qa5 18. N1e2 Nh5 19. f5 d5 20. fxg6 hxg6 21. exd5 cxd5 22. d4 Nf6
23. Qg5 Ra6 24. Qf4 Be6 25. Na4 Ne4 26. Rc1 Rc6 27. Rxc6 bxc6 28. Qe3 Nd6 29.
Qf2 Bf5 30. Ng3 Qb4 31. Rd1 Ne4 32. Nxe4 Rxe4 33. Be3 Qe7 34. Rd3 Bxd4 35. Bxd4
Re1+ 36. Kh2 Bxd3 37. Qg3 Bf5 {0-1 (37) Eliet,N (2430)-Bacrot,E (2731) Port
Barcares 2005}) (11. Rfe1 Nc5 12. Bh6 $14 {Vovk,A (2551)-Hendriks,W (2415)
Dieren op 2011 (9) 1-0}) 11... Bh8 12. Rad1 $32 (12. Rae1 {[%cal Gf2f4]}) (12.
Rfe1 Nc5) 12... Nc5 13. Rfe1 Ng4 $1 (13... Nxd3 $11) 14. Bg5 Qb6 (14... f6 $2
15. Bc4+) 15. Nb3 Nxd3 16. cxd3 Ne5 17. Be3 Qd8 18. Bg5 (18. f4 Nd7 19. Rf1 $14
{[%csl Rf7]} (19. d4 Nb6 {[%cal Gb6c4,Gc4e3,Gc4d2]})) 18... Qc7 19. f4 Nd7 20.
d4 a5 $1 (20... Nb6 {[%cal Gb6c4]}) 21. Qf2 a4 $11 22. Nd2 a3 23. b3 f6 24. Bh4
b5 25. Rc1 {[%cal Gc1c7,Gc3b5]} Qb7 26. f5 $1 {[%csl Ge6,Rf6]} Bg7 27. Bg3 Qb8
(27... Bf8) 28. Ne2 Ra6 $2 {[%csl Ra6] La partie aurait du mal tourné pour
l'ancien Champion de France après ce coup} 29. Nf4 $40 {[%csl Re6,Gf4]} Nf8
30. d5 {[%csl Ge6][%cal Gf4e6]} (30. Nd3 $5 {[%csl Ra6,Rc6][%cal Gd3b4,Ge4e5]}
Bb7 31. e5) 30... Bd7 31. Ne6 gxf5 $2 32. Nxg7 (32. Nc5 $1 {[%cal Gg3b8]} Ra7
33. Nxd7 Rxd7 34. dxc6 Rdd8 35. c7) 32... Kxg7 33. dxc6 (33. exf5 cxd5 34. Nf3
Bxf5 35. Nd4 Be4 36. Bh4 Qd8 37. Nxb5) 33... Rxc6 34. Rxc6 Bxc6 35. exf5 Rxe1+
36. Qxe1 Qa7+ 37. Kh2 (37. Bf2 Qd7 38. g4 h5) 37... Qd7 38. Ne4 (38. Qf2 $5 {
[%cal Gf2b6]}) 38... Qxf5 39. Nxd6 Qd5 40. Qf2 Nd7 41. Nf5+ Kf7 42. Ne3 Qc5 {
[%cal Gc5f2]} 43. Qc2 $1 Qxc2 44. Nxc2 {[%cal Gc2b4]} Be4 $1 {[%csl Rc2][%cal
Ge4b1]} 45. Nd4 (45. Nb4) 45... Bd3 (45... Bb1 46. Nxb5 Bxa2 47. b4 (47. Nxa3
Bxb3)) 46. Bd6 Nf8 47. Bxa3 Ne6 48. Nxe6 1/2-1/2

[Event "Cappelle op 31st"]
[Site "Cappelle la Grande"]
[Date "2015.02.28"]
[Round "1"]
[White "Roser, Kevin"]
[Black "Onischuk, Vladimir"]
[Result "0-1"]
[WhiteElo "2395"]
[BlackElo "2629"]
[Annotator "RR"]
[PlyCount "76"]
[EventDate "2015.02.28"]
[EventType "swiss"]
[EventRounds "9"]
[EventCountry "FRA"]
[SourceTitle "EXT 2016"]
[Source "ChessBase"]
[SourceDate "2015.10.08"]
[SourceVersion "1"]
[SourceVersionDate "2015.10.08"]
[SourceQuality "1"]

1. e4 {Kévin n'était pas très heureux dans son appariement de la 01ère
ronde car son adversaire était en forme dans ce tournoi} d6 2. d4 g6 3. Nc3
Nf6 4. Be3 c6 5. h3 Nbd7 6. Nf3 Qa5 7. Qd2 Bg7 8. Bd3 e5 9. O-O O-O 10. a4 Re8
(10... exd4 11. Nxd4 Re8 12. Nb3 Qc7 13. Rad1 a6 14. Bh6 Bxh6 15. Qxh6 b5 16.
axb5 axb5 17. Nd2 b4 18. Ne2 Ne5 19. Ng3 Ra5 20. Rfe1 Qe7 21. Bf1 Be6 22. Qe3
Ra2 23. Rb1 Qa7 24. Qxa7 Rxa7 25. f4 Ned7 26. Nf3 Nc5 27. Rbd1 d5 28. e5 Nfe4
29. Nxe4 Nxe4 30. Nd4 Bd7 31. Nb3 g5 32. Bd3 gxf4 33. Bxe4 dxe4 34. Rxe4 Bf5
35. Rxb4 Bxc2 36. Rf1 Bxb3 37. Rxb3 Rxe5 38. Rxf4 Re6 39. Rc4 {1/2-1/2 (39)
Leko,P (2755)-Kamsky,G (2714) Moscow 2007}) 11. Rfe1 exd4 12. Nxd4 Nc5 13. b4
$1 {Un sacrifice théorique mais la partie de référence est malheureusement
incomplète} Qxb4 14. a5 $44 Nxd3 {Echange une pièce tout en libérant une
case pour la Q qui est danger} 15. cxd3 d5 $11 16. exd5 (16. a6 $5 {[%cal
Gd4c6]} dxe4 17. dxe4 (17. Reb1 Qe7) 17... Qe7 (17... Qf8) 18. Bg5 $13 {
[%cal Ge4e5]}) 16... cxd5 17. Nc2 Qf8 {La Q est sortie sans encombre mais le
retard de développement des Noirs laisse des compensations durables aux Blancs
} 18. Nb5 $1 Re7 19. Bxa7 $6 {Récupère un P mais soulage la défense des
Noirs en échangeant la Re7} (19. Qb4 $5 {[%cal Ge3c5,Gc5f8]}) 19... Rxe1+ 20.
Rxe1 (20. Qxe1 Bd7 21. Ncd4 Nh5 22. Rb1 Re8 (22... Rxa7 23. Nxa7 Bxd4)) 20...
Bd7 21. Ncd4 Nh5 (21... Rxa7 $1 22. Nxa7 Qc5 $17 {[%csl Ra7,Rd4]}) 22. Bb6 Bh6
23. Qb2 Nf4 24. Qb3 Re8 25. Rd1 Bxh3 $1 26. gxh3 $2 (26. g3 Nh5 27. Nc7) 26...
Qe7 27. Nf3 Nxh3+ 28. Kh2 Qd7 29. Re1 Rxe1 30. Nxe1 Qg4 $2 {Un répit
inespéré pour les Blancs} (30... Bf4+ 31. Kh1 Qg4) 31. Bc7 Bf4+ {Trop tard!}
(31... Nxf2 32. Ng2 Qh5+ (32... Qh3+ 33. Kg1) 33. Kg1 Nh3+) 32. Bxf4 Nxf4 33.
d4 Qh4+ 34. Kg1 Nh3+ 35. Kg2 Qg4+ 36. Kh2 Nxf2 37. Qxd5 $4 $138 (37. Qg3) 37...
Qh4+ 38. Kg1 Nh3+ 0-1